00462 2200181 4500001002100000005001500021008004100036020001800077035001900095041000700114082000800121090001600129100001600145245003500161250000600196260004300202300003500245INLIS00000000002208020241224131211241224||||||||| | ||| |||| || |  a979-1421-89-7 0010-1224022080 aid0 a300 a370.3 JAN e0 aJanu Ismadi00aEnsiklopedi Populer Untuk Anak a1 aTanggerangbPanca Anugerah Saktic2008 axii,36 hlm,;ilus.:17.5 x 25 cm